Uplatnenie nových prístupov v hospodárskej úprave lesa (HÚL)

Bibliographic Details
Main Author: Pivko, Ivan (Author)
Format: Article
Language:Slovak
Subjects:

MARC

LEADER 00000nab a2200000 a 4500
001 vtls000445591
003 SK-MaSNL
005 20260302233437.0
008 120926c1991 xo 0 slo
015 |a SNBRA19rr/mm-uuuuu 
035 |a CL0445721 
040 |a SNKBUCL  |b slo  |c SNKBUCL  |e AACR2 
041 0 |a slo 
044 |a xo  |c SK 
080 |a 630 6  |2 1981 
100 1 |a Pivko, Ivan  |4 aut  |9 939779 
245 1 0 |a Uplatnenie nových prístupov v hospodárskej úprave lesa (HÚL)  |c Ivan Pivko 
650 0 7 |a lesy  |2 snkbucl  |9 1437 
655 7 |a články zo zborníkov  |2 snkbucl  |9 166140 
773 0 |t Hospodárska úprava lesov v meniacich sa ekologických podmienkach  |d Žilina : Dom techniky ZSVTS, 1991 
850 |a Slovenská národná knižnica v Martine  |a MTA001 
852 |a SNK  |b KIS3GCP 
958 |a RK 
992 |a RZB 
999 |c 1546449  |d 1548379